Quality Management In Higher Education (Record no. 11928)

MARC details
000 -LEADER
fixed length control field 00308nam a22001217a 4500
008 - FIXED-LENGTH DATA ELEMENTS--GENERAL INFORMATION
fixed length control field 211127b ||||| |||| 00| 0 eng d
020 ## - INTERNATIONAL STANDARD BOOK NUMBER
International Standard Book Number 9789351509967
050 ## - LIBRARY OF CONGRESS CALL NUMBER
Classification number 370
Item number 1
245 ## - TITLE STATEMENT
Title Quality Management In Higher Education
260 ## - PUBLICATION, DISTRIBUTION, ETC. (IMPRINT)
Place of publication, distribution, etc. New Delhi
Name of publisher, distributor, etc. SAGE Publication
Date of publication, distribution, etc. 2016
300 ## - PHYSICAL DESCRIPTION
Extent 1
942 ## - ADDED ENTRY ELEMENTS (KOHA)
Source of classification or shelving scheme Dewey Decimal Classification
Koha item type BOOK
Holdings
Withdrawn status Lost status Source of classification or shelving scheme Damaged status Not for loan Home library Current library Shelving location Date acquired Total Checkouts Full call number Barcode Date last seen Price effective from Koha item type
    Dewey Decimal Classification     Good Samaritan School Library Good Samaritan School Library Management 11/27/2021   370 MUK17174 11/27/2021 11/27/2021 BOOK

Powered by Koha